BIOLOGY OF THE PERIODONTAL CONNECTIVE TISSUES (Record no. 4650)

MARC details
000 -LEADER
fixed length control field 00386nam a2200145Ia 4500
008 - FIXED-LENGTH DATA ELEMENTS--GENERAL INFORMATION
fixed length control field 150201s1998 xx 000 0 und d
082 ## - DEWEY DECIMAL CLASSIFICATION NUMBER
Classification number 617.645
Item number B1998B
100 ## - MAIN ENTRY--PERSONAL NAME
Personal name BARTOLD,P. MARK
245 ## - TITLE STATEMENT
Title BIOLOGY OF THE PERIODONTAL CONNECTIVE TISSUES
250 ## - EDITION STATEMENT
Edition statement 1ST
260 ## - PUBLICATION, DISTRIBUTION, ETC. (IMPRINT)
Name of publisher, distributor, etc. QUINTESSENCE PUBLICATION
Place of publication, distribution, etc. CHICAGO
Date of publication, distribution, etc. 1998
300 ## - PHYSICAL DESCRIPTION
Extent 1-278
650 ## - SUBJECT ADDED ENTRY--TOPICAL TERM
Topical term or geographic name as entry element PERIODONTICS
942 ## - ADDED ENTRY ELEMENTS (KOHA)
Source of classification or shelving scheme Dewey Decimal Classification
Koha item type Books
Koha issues (borrowed), all copies 2
Holdings
Withdrawn status Lost status Source of classification or shelving scheme Damaged status Not for loan Home library Current library Date acquired Source of acquisition Cost, normal purchase price Serial Enumeration / chronology SGTU Bill Number Total Checkouts Full call number Barcode Date last seen Date last checked out Bill Date Koha item type
    Dewey Decimal Classification     SGT Dental Library SGT Dental Library 18/10/2011 U.B.S.DELHI 4245.00 1 SGTU QB/035/2011-2012 3 617.645 B1998B FD6433 29/04/2025 22/04/2025 31/05/2013 Books